[Event "36th Zalakaros Festival 2017"]
[Site "Zalakaros"]
[Date "2017.05.25"]
[Round "8"]
[White "Cebalo, Miso"]
[Black "Nguyen, Piotr"]
[Result "1/2-1/2"]
[WhiteElo "2320"]
[BlackElo "2453"]
[Annotator "TA"]
[PlyCount "103"]
[EventDate "2017.??.??"]
[EventType "swiss"]
[EventCountry "HUN"]
[SourceTitle "playchess.com"]
[Source "ChessBase"]
[SourceQuality "1"]

{[%evp 19,103,16,27,26,23,0,8,8,6,-2,-4,-8,29,18,34,10,13,13,20,4,10,21,26,23,47,37,48,16,22,11,40,0,0,0,0,0,0,0,0,0,0,0,0,-2,0,0,0,0,0,0,0,0,0,0,8,32,25,-8,0,0,0,0,0,0,0,0,0,0,0,0,0,0,0,0,0,0,8,0,0,0,0,0,0,0,0,0]} 1. d4 e6 2. c4 b6 3. Nf3 Bb7 4. g3 Bb4+ 5. Bd2 Bxf3 6. exf3 Bxd2+ 7. Qxd2 d5 8. f4 Ne7 9. Bg2 c6 {A40: Unusual replies to 1 d4} 10. O-O O-O {LiveBook: 4 Games} 11. Rd1 (11. Na3 Nd7 12. b3 Nf5 13. Nc2 Nf6 14. Ne3 dxc4 15. Nxf5 exf5 16. bxc4 Rc8 17. Rfd1 {½-½ (44) Sivuk,V (2432)-Sitnikov,A (2506) Donetsk 2011}) 11... Nd7 {White has an edge.} 12. Na3 Rc8 $146 ({Predecessor:} 12... Nf6 13. Rac1 Qd7 14. Qe2 Rfd8 15. Nc2 Rac8 {0-1 (40) Kleinhenz,H (1940)-Bigg,A (2312) Davos 2010}) 13. Rac1 Nf5 14. b4 Nf6 15. c5 Qd7 16. Nc2 Qb7 17. Ne3 Nxe3 18. fxe3 Ra8 19. a4 bxc5 20. Rxc5 Rfb8 21. Rb1 Nd7 22. Rcc1 a5 23. b5 (23. bxa5 $5 {[%cal Rb1b7]} Qxb1 24. Rxb1 Rxb1+ 25. Bf1 $16) 23... cxb5 24. Rxb5 Qa7 25. Bf1 (25. f5 $5) 25... g6 26. Rc6 Rxb5 27. Bxb5 Qb8 28. Qc3 Nf6 29. Qa3 Qd8 30. Kg2 Kg7 31. Kf3 Rc8 32. Rxc8 Qxc8 33. Qc5 Qxc5 34. dxc5 $11 {[%mdl 4096] Endgame KB-KN} Kf8 $1 35. c6 {[#] c7 is the strong threat.} Ne8 36. e4 dxe4+ 37. Kxe4 Ke7 38. g4 h6 {The position is equal.} 39. h4 Nf6+ 40. Kd4 {[#] Hoping for c7.} Kd6 $1 41. g5 hxg5 42. hxg5 Nd5 43. Ke4 Nc7 44. Kd4 Na8 45. Ke4 Nc7 46. Kd4 Ne8 (46... Nd5 $5 {[%cal Rd5f4]}) 47. Ke4 f6 48. gxf6 Nxf6+ 49. Kd4 Nd5 50. Ke4 Nf6+ 51. Kd4 Nd5 52. Ke4 {Precision: White = 68%, Black = 52%.} 1/2-1/2

[Event "36th Zalakaros Festival 2017"]
[Site "Zalakaros"]
[Date "2017.05.25"]
[Round "8"]
[White "Blohberger, Felix"]
[Black "Havasi, Gergo"]
[Result "1-0"]
[WhiteElo "2319"]
[BlackElo "2402"]
[Annotator "NA"]
[PlyCount "109"]
[EventDate "2017.??.??"]
[EventType "swiss"]
[EventCountry "HUN"]
[SourceTitle "playchess.com"]
[Source "ChessBase"]
[SourceQuality "1"]
[TimeControl "40/5400+30:1800+30"]

1. e4 {[%emt 0:00:26]} e5 {[%emt 0:00:48]} 2. Nf3 {[%emt 0:00:22]} Nc6 {[%emt 0:00:18]} 3. Bb5 {[%emt 0:00:11]} a6 {[%emt 0:07:14]} 4. Ba4 {[%emt 0:00:22]} g6 {[%emt 0:01:33]} 5. c3 {[%emt 0:00:21]} d6 {[%emt 0:00:44]} 6. d4 {[%emt 0:00:10]} Bd7 {[%emt 0:00:16]} 7. O-O {[%emt 0:00:36]} Bg7 {[%emt 0:00:56]} 8. Re1 {[%emt 0:09:05]} Nf6 {[%emt 0:04:52]} 9. Nbd2 {[%emt 0:02:43]} Nh5 {[%emt 0:18:59]} 10. Nf1 {[%emt 0:04:40]} O-O {[%emt 0:06:43]} 11. dxe5 {[%emt 0:06:05]} dxe5 {[%emt 0:02:05]} 12. Ne3 {[%emt 0:01:28]} Nf4 {[%emt 0:05:54]} 13. Nd5 {[%emt 0:03:36]} Ne6 {[%emt 0:02:33]} 14. Nb4 {[%emt 0:08:26]} b5 {[%emt 0:11:50]} 15. Bb3 {[%emt 0:02:58]} Na5 {[%emt 0:06:37]} 16. Bc2 {[%emt 0:05:08]} c6 {[%emt 0:05:52]} 17. a4 {[%emt 0:03:28]} Qc7 {[%emt 0:03:30]} 18. Qe2 {[%emt 0:04:07]} Rfe8 {[%emt 0:04:40]} 19. h3 {[%emt 0:07:49]} Nf4 {[%emt 0:05:07]} 20. Bxf4 {[%emt 0:03:28]} exf4 {[%emt 0:00:03]} 21. Nd3 {[%emt 0:02:20]} Nc4 {[%emt 0:05:17]} 22. Bb3 {[%emt 0:09:36]} c5 {[%emt 0:04:26]} 23. e5 {[%emt 0:02:01]} Bh6 {[%emt 0:00:46]} 24. axb5 {[%emt 0:02:27]} axb5 {[%emt 0:00:16]} 25. Rxa8 {[%emt 0:01:39]} Rxa8 {[%emt 0:00:01]} 26. Nxf4 {[%emt 0:02:58]} Bc6 {[%emt 0:00:19]} 27. Bxc4 {[%emt 0:02:50]} bxc4 {[%emt 0:00:12]} 28. Qxc4 {[%emt 0:01:36]} Ra4 {[%emt 0:00:31]} 29. b4 {[%emt 0:00:24]} cxb4 {[%emt 0:01:59]} 30. Nd5 {[%emt 0:00:47]} Qb7 {[%emt 0:00:35]} 31. Qxc6 {[%emt 0:00:45]} Qxc6 {[%emt 0:00:06]} 32. Ne7+ {[%emt 0:00:04]} Kf8 {[%emt 0:00:37]} 33. Nxc6 {[%emt 0:00:04]} bxc3 {[%emt 0:00:05]} 34. Re2 {[%emt 0:02:56]} Ra1+ {[%emt 0:01:11]} 35. Kh2 {[%emt 0:00:11]} Rd1 {[%emt 0:00:33]} 36. Rc2 {[%emt 0:00:45]} Rd2 {[%emt 0:00:30]} 37. Ncd4 {[%emt 0:01:48]} Rd3 {[%emt 0:00:26]} 38. g3 {[%emt 0:01:06]} Ke7 {[%emt 0:00:30]} 39. Kg2 {[%emt 0:00:19]} f6 {[%emt 0:00:30]} 40. exf6+ {[%emt 0:00:00]} Kxf6 {[%emt 0:00:03]} 41. Kf1 {[%emt 0:01:20]} Rd1+ {[%emt 0:03:20]} 42. Ke2 {[%emt 0:00:24]} Rh1 {[%emt 0:00:31]} 43. h4 {[%emt 0:00:26]} Ke7 {[%emt 0:00:16]} 44. Rxc3 {[%emt 0:00:09]} Kd6 {[%emt 0:00:06]} 45. Rd3 {[%emt 0:00:28]} Kc5 {[%emt 0:00:19]} 46. Ne6+ {[%emt 0:00:18]} Kb4 {[%emt 0:00:36]} 47. Neg5 {[%emt 0:00:29]} Rc1 {[%emt 0:00:15]} 48. Nxh7 {[%emt 0:00:44]} Rc2+ {[%emt 0:00:15]} 49. Kf1 {[%emt 0:00:12]} Rc1+ {[%emt 0:00:29]} 50. Kg2 {[%emt 0:00:09]} Kc5 {[%emt 0:00:16]} 51. Nhg5 {[%emt 0:00:26]} Bxg5 {[%emt 0:00:22]} 52. Nxg5 {[%emt 0:00:09]} Kc6 {[%emt 0:00:40]} 53. Rf3 {[%emt 0:00:10]} Rc4 {[%emt 0:00:13]} 54. Rf6+ {[%emt 0:00:07]} Kb5 {[%emt 0:00:04]} 55. Rxg6 {[%emt 0:00:06]} 1-0

[Event "36th Zalakaros Festival 2017"]
[Site "Zalakaros"]
[Date "2017.05.25"]
[Round "8"]
[White "Secheres, Adrian-Simion"]
[Black "Csiki, Endre"]
[Result "0-1"]
[WhiteElo "2309"]
[BlackElo "2200"]
[Annotator "NA"]
[PlyCount "82"]
[EventDate "2017.??.??"]
[EventType "swiss"]
[EventCountry "HUN"]
[SourceTitle "playchess.com"]
[Source "ChessBase"]
[SourceQuality "1"]
[TimeControl "40/5400+30:1800+30"]

1. c4 {[%emt 0:00:16]} c5 {[%emt 0:00:39]} 2. Nc3 {[%emt 0:00:12]} g6 {[%emt 0:00:18]} 3. Nf3 {[%emt 0:00:50]} Bg7 {[%emt 0:00:09]} 4. d4 {[%emt 0:01:05]} cxd4 {[%emt 0:00:19]} 5. Nxd4 {[%emt 0:00:03]} Nc6 {[%emt 0:00:16]} 6. Nc2 {[%emt 0:01:15]} Bxc3+ {[%emt 0:04:02]} 7. bxc3 {[%emt 0:00:03]} Nf6 {[%emt 0:00:21]} 8. e3 {[%emt 0:05:16]} Qa5 {[%emt 0:02:46]} 9. Bb2 {[%emt 0:03:23]} d6 {[%emt 0:02:07]} 10. Be2 {[%emt 0:05:34]} Bd7 {[%emt 0:10:25]} 11. O-O {[%emt 0:01:36]} Rc8 {[%emt 0:00:55]} 12. Nb4 {[%emt 0:12:40]} Be6 {[%emt 0:21:49]} 13. Nd5 {[%emt 0:10:12]} Bxd5 {[%emt 0:10:58]} 14. cxd5 {[%emt 0:00:07]} Qxd5 {[%emt 0:00:32]} 15. Qb1 {[%emt 0:02:01]} Qe6 {[%emt 0:06:46]} 16. c4 {[%emt 0:03:35]} b6 {[%emt 0:01:18]} 17. Qd1 {[%emt 0:03:51]} O-O {[%emt 0:03:17]} 18. Rc1 {[%emt 0:01:47]} Ne5 {[%emt 0:03:55]} 19. Qd4 {[%emt 0:01:53]} Rc7 {[%emt 0:02:25]} 20. f4 {[%emt 0:03:35]} Nc6 {[%emt 0:00:21]} 21. Qc3 {[%emt 0:02:13]} h5 {[%emt 0:03:19]} 22. Rf3 {[%emt 0:04:08]} Kh7 {[%emt 0:00:47]} 23. e4 {[%emt 0:12:51]} Rg8 {[%emt 0:01:55]} 24. Bd3 {[%emt 0:13:20]} Nxe4 {[%emt 0:03:57]} 25. Qe1 {[%emt 0:01:25]} Nc5 {[%emt 0:00:19]} 26. Be2 {[%emt 0:00:51]} f5 {[%emt 0:01:24]} 27. Rh3 {[%emt 0:00:05]} Qf7 {[%emt 0:01:01]} 28. Qd1 {[%emt 0:01:17]} Ne4 {[%emt 0:00:42]} 29. Bxh5 {[%emt 0:03:06]} gxh5 {[%emt 0:00:21]} 30. Rxh5+ {[%emt 0:00:01]} Kg6 {[%emt 0:00:37]} 31. Qf3 {[%emt 0:00:02]} Qe6 {[%emt 0:02:50]} 32. Qh3 {[%emt 0:01:46]} Kf7 {[%emt 0:00:08]} 33. Rxf5+ {[%emt 0:00:08]} Nf6 {[%emt 0:00:26]} 34. Qh5+ {[%emt 0:01:20]} Kf8 {[%emt 0:00:44]} 35. Kf1 {[%emt 0:02:32]} Qf7 {[%emt 0:01:44]} 36. Qh4 {[%emt 0:01:50]} Qg6 {[%emt 0:01:22]} 37. Rg5 {[%emt 0:00:46]} Qd3+ {[%emt 0:01:19]} 38. Kg1 {[%emt 0:00:02]} Qd2 {[%emt 0:01:03]} 39. Rxg8+ {[%emt 0:01:56]} Nxg8 {[%emt 0:00:20]} 40. Qh8 {[%emt 0:00:00]} e5 {[%emt 0:00:44]} 41. fxe5 {[%emt 0:00:24]} Rf7 0-1

[Event "36th Zalakaros Festival 2017"]
[Site "Zalakaros"]
[Date "2017.05.25"]
[Round "8"]
[White "Pultorak, Jan"]
[Black "Cuhendi, Sean Winshand"]
[Result "0-1"]
[WhiteElo "2303"]
[BlackElo "2407"]
[Annotator "NA"]
[PlyCount "44"]
[EventDate "2017.??.??"]
[EventType "swiss"]
[EventCountry "HUN"]
[SourceTitle "playchess.com"]
[Source "ChessBase"]
[SourceQuality "1"]
[TimeControl "40/5400+30:1800+30"]

1. b3 {[%emt 0:00:02]} d5 {[%emt 0:03:41]} 2. Bb2 {[%emt 0:00:06]} Bf5 {[%emt 0:00:06]} 3. e3 {[%emt 0:00:49]} Nf6 {[%emt 0:00:34]} 4. f4 {[%emt 0:00:16]} e6 {[%emt 0:01:42]} 5. Nf3 {[%emt 0:00:08]} Bd6 {[%emt 0:00:50]} 6. d3 {[%emt 0:02:20]} Nc6 {[%emt 0:01:29]} 7. Nbd2 {[%emt 0:02:45]} Qe7 {[%emt 0:00:31]} 8. Qe2 {[%emt 0:17:33]} e5 {[%emt 0:02:02]} 9. e4 {[%emt 0:00:54]} dxe4 {[%emt 0:08:33]} 10. dxe4 {[%emt 0:00:10]} Bg4 {[%emt 0:00:02]} 11. Qb5 {[%emt 0:10:49]} Bxf3 {[%emt 0:02:28]} 12. Qxb7 {[%emt 0:11:40]} O-O {[%emt 0:00:05]} 13. Qxc6 {[%emt 0:01:10]} Bh5 {[%emt 0:00:08]} 14. f5 {[%emt 0:09:28]} Rad8 {[%emt 0:13:27]} 15. Be2 {[%emt 0:12:18]} Bb4 {[%emt 0:01:52]} 16. c3 {[%emt 0:01:26]} Bc5 {[%emt 0:01:31]} 17. b4 {[%emt 0:07:07]} Bf2+ {[%emt 0:00:29]} 18. Kd1 {[%emt 0:01:01]} Rd6 {[%emt 0:00:37]} 19. Qc4 {[%emt 0:00:38]} Qd7 {[%emt 0:00:45]} 20. Bc1 {[%emt 0:00:40]} Rd8 {[%emt 0:00:15]} 21. Kc2 {[%emt 0:01:36]} Rxd2+ {[%emt 0:00:08]} 22. Bxd2 {[%emt 0:00:08]} Qxd2+ {[%emt 0:00:03]} 0-1

[Event "36th Zalakaros Festival 2017"]
[Site "Zalakaros"]
[Date "2017.05.25"]
[Round "8"]
[White "Sadhwani, Raunak"]
[Black "Gara, Anita"]
[Result "1/2-1/2"]
[WhiteElo "2298"]
[BlackElo "2373"]
[Annotator "NA"]
[PlyCount "133"]
[EventDate "2017.??.??"]
[EventType "swiss"]
[EventCountry "HUN"]
[SourceTitle "playchess.com"]
[Source "ChessBase"]
[SourceQuality "1"]
[TimeControl "40/5400+30:1800+30"]

1. e4 {[%emt 0:00:05]} c5 {[%emt 0:00:33]} 2. Nf3 {[%emt 0:00:09]} Nc6 {[%emt 0:00:04]} 3. d4 {[%emt 0:00:04]} cxd4 {[%emt 0:00:03]} 4. Nxd4 {[%emt 0:00:08]} e5 {[%emt 0:00:03]} 5. Nb5 {[%emt 0:00:08]} d6 {[%emt 0:00:05]} 6. N1c3 {[%emt 0:00:10]} a6 {[%emt 0:00:13]} 7. Na3 {[%emt 0:00:05]} Be7 {[%emt 0:00:19]} 8. Nc4 {[%emt 0:01:08]} b5 {[%emt 0:00:29]} 9. Ne3 {[%emt 0:00:02]} Nf6 {[%emt 0:00:26]} 10. Bd3 {[%emt 0:00:33]} O-O {[%emt 0:00:38]} 11. O-O {[%emt 0:00:10]} Rb8 {[%emt 0:00:53]} 12. a4 {[%emt 0:02:27]} Nb4 {[%emt 0:02:16]} 13. axb5 {[%emt 0:02:23]} axb5 {[%emt 0:00:40]} 14. Be2 {[%emt 0:08:10]} Be6 {[%emt 0:00:25]} 15. Ncd5 {[%emt 0:03:11]} Nbxd5 {[%emt 0:01:48]} 16. exd5 {[%emt 0:00:12]} Bd7 {[%emt 0:00:05]} 17. c3 {[%emt 0:02:39]} Ne4 {[%emt 0:08:54]} 18. Nc2 {[%emt 0:01:53]} f5 {[%emt 0:02:59]} 19. f3 {[%emt 0:17:09]} Nc5 {[%emt 0:04:31]} 20. Nb4 {[%emt 0:03:49]} Qc8 {[%emt 0:13:28]} 21. f4 {[%emt 0:03:03]} Bd8 {[%emt 0:05:26]} 22. Kh1 {[%emt 0:03:42]} Bb6 {[%emt 0:03:18]} 23. Bf3 {[%emt 0:02:33]} Ne4 {[%emt 0:09:55]} 24. fxe5 {[%emt 0:07:05]} dxe5 {[%emt 0:01:49]} 25. Bxe4 {[%emt 0:04:05]} fxe4 {[%emt 0:00:06]} 26. Bg5 {[%emt 0:06:15]} Qc4 {[%emt 0:04:34]} 27. Be7 {[%emt 0:03:11]} Rxf1+ {[%emt 0:07:46]} 28. Qxf1 {[%emt 0:00:05]} e3 {[%emt 0:00:53]} 29. Qxc4 {[%emt 0:02:46]} bxc4 {[%emt 0:01:23]} 30. Re1 {[%emt 0:01:43]} Ra8 {[%emt 0:08:53]} 31. h3 {[%emt 0:00:59]} h6 {[%emt 0:03:53]} 32. Bd6 {[%emt 0:08:14]} Bf5 {[%emt 0:02:51]} 33. Bxe5 {[%emt 0:01:00]} Re8 {[%emt 0:01:10]} 34. Bg3 {[%emt 0:04:16]} e2 {[%emt 0:04:11]} 35. d6 {[%emt 0:01:40]} Kf7 {[%emt 0:02:52]} 36. Nc6 {[%emt 0:07:14]} Re4 {[%emt 0:02:56]} 37. Ne5+ {[%emt 0:01:34]} Ke6 {[%emt 0:00:45]} 38. Nf3 {[%emt 0:00:36]} Kd5 {[%emt 0:04:37]} 39. Ra1 {[%emt 0:03:28]} Re8 {[%emt 0:00:35]} 40. Ra6 {[%emt 0:00:00]} Bc5 {[%emt 0:02:02]} 41. Ra5 {[%emt 0:06:04]} Kc6 {[%emt 0:03:47]} 42. Kh2 {[%emt 0:02:16]} Kb6 {[%emt 0:02:36]} 43. Ra1 {[%emt 0:01:11]} Rd8 {[%emt 0:04:40]} 44. Ne5 {[%emt 0:16:44]} Kb5 {[%emt 0:03:13]} 45. Re1 {[%emt 0:01:14]} Bd3 {[%emt 0:00:22]} 46. b3 {[%emt 0:00:24]} Bxd6 {[%emt 0:07:46]} 47. bxc4+ {[%emt 0:00:43]} Bxc4 {[%emt 0:00:04]} 48. Nxc4 {[%emt 0:00:16]} Kxc4 {[%emt 0:00:24]} 49. Bxd6 {[%emt 0:00:23]} Rxd6 {[%emt 0:00:11]} 50. Rxe2 {[%emt 0:00:01]} Kxc3 {[%emt 0:00:17]} 51. Re7 {[%emt 0:00:04]} Rg6 {[%emt 0:03:31]} 52. Rd7 {[%emt 0:00:01]} Kc4 {[%emt 0:00:10]} 53. g4 {[%emt 0:00:04]} Kc5 {[%emt 0:00:12]} 54. Kg3 {[%emt 0:00:01]} Kc6 {[%emt 0:00:03]} 55. Ra7 {[%emt 0:01:15]} Kd5 {[%emt 0:00:46]} 56. h4 {[%emt 0:00:22]} Ke5 {[%emt 0:01:06]} 57. Ra5+ {[%emt 0:00:09]} Ke6 {[%emt 0:01:34]} 58. Ra7 {[%emt 0:00:06]} Ke5 {[%emt 0:00:52]} 59. Rf7 {[%emt 0:00:13]} Ke6 {[%emt 0:00:12]} 60. Rb7 {[%emt 0:00:05]} Ke5 {[%emt 0:00:13]} 61. Ra7 {[%emt 0:00:12]} Ke6 {[%emt 0:00:25]} 62. Kf4 {[%emt 0:00:42]} Rf6+ {[%emt 0:03:05]} 63. Ke4 {[%emt 0:00:14]} Rf7 {[%emt 0:00:36]} 64. Ra6+ {[%emt 0:00:13]} Ke7 {[%emt 0:00:08]} 65. Ra7+ {[%emt 0:00:24]} Ke6 {[%emt 0:00:08]} 66. Ra6+ {[%emt 0:00:26]} Ke7 {[%emt 0:00:04]} 67. Ke5 {[%emt 0:00:43]} 1/2-1/2

[Event "36th Zalakaros Festival 2017"]
[Site "Zalakaros"]
[Date "2017.05.25"]
[Round "8"]
[White "Risting, Eivind Olav"]
[Black "Krstulovic, Alex"]
[Result "1-0"]
[WhiteElo "2297"]
[BlackElo "2280"]
[Annotator "NA"]
[PlyCount "93"]
[EventDate "2017.??.??"]
[EventType "swiss"]
[EventCountry "HUN"]
[SourceTitle "playchess.com"]
[Source "ChessBase"]
[SourceQuality "1"]
[TimeControl "40/5400+30:1800+30"]

1. e4 {[%emt 0:02:00]} e5 {[%emt 0:00:37]} 2. Nf3 {[%emt 0:00:24]} Nc6 {[%emt 0:00:12]} 3. Bb5 {[%emt 0:00:20]} a6 {[%emt 0:00:11]} 4. Ba4 {[%emt 0:00:05]} Nf6 {[%emt 0:00:37]} 5. O-O {[%emt 0:00:26]} Nxe4 {[%emt 0:00:14]} 6. Re1 {[%emt 0:01:25]} Nc5 {[%emt 0:00:29]} 7. Bxc6 {[%emt 0:04:12]} dxc6 {[%emt 0:00:55]} 8. Nxe5 {[%emt 0:05:00]} Be7 {[%emt 0:05:52]} 9. d4 {[%emt 0:04:38]} Nd7 {[%emt 0:06:06]} 10. Qe2 {[%emt 0:05:15]} Nxe5 {[%emt 0:11:32]} 11. Qxe5 {[%emt 0:02:44]} Be6 {[%emt 0:00:28]} 12. Qxg7 {[%emt 0:05:53]} Bf6 {[%emt 0:01:26]} 13. Qh6 {[%emt 0:03:05]} Qxd4 {[%emt 0:07:47]} 14. Bg5 {[%emt 0:09:56]} Bxg5 {[%emt 0:12:33]} 15. Qxg5 {[%emt 0:00:06]} h6 {[%emt 0:00:17]} 16. Qe5 {[%emt 0:11:53]} Qxe5 {[%emt 0:05:17]} 17. Rxe5 {[%emt 0:00:03]} O-O-O {[%emt 0:00:35]} 18. Nc3 {[%emt 0:00:19]} Rd2 {[%emt 0:06:04]} 19. Rc1 {[%emt 0:00:55]} Rg8 {[%emt 0:04:27]} 20. Kf1 {[%emt 0:02:17]} b6 {[%emt 0:06:04]} 21. b3 {[%emt 0:01:46]} Rg6 {[%emt 0:02:48]} 22. Re2 {[%emt 0:05:24]} Rd4 {[%emt 0:02:32]} 23. Re4 {[%emt 0:02:46]} c5 {[%emt 0:01:53]} 24. f3 {[%emt 0:03:04]} Rd2 {[%emt 0:06:39]} 25. Re2 {[%emt 0:00:53]} Rd4 {[%emt 0:00:45]} 26. Rd1 {[%emt 0:01:05]} Bf5 {[%emt 0:06:11]} 27. Ke1 {[%emt 0:08:07]} Kb7 {[%emt 0:03:23]} 28. Nd5 {[%emt 0:04:49]} Rd6 {[%emt 0:01:27]} 29. Ne3 {[%emt 0:01:41]} Bg6 {[%emt 0:00:48]} 30. Red2 {[%emt 0:02:30]} b5 {[%emt 0:00:18]} 31. c3 {[%emt 0:01:11]} Rxd2 {[%emt 0:00:45]} 32. Rxd2 {[%emt 0:00:02]} Kc6 {[%emt 0:01:04]} 33. f4 {[%emt 0:01:30]} Be4 {[%emt 0:02:06]} 34. Ng4 {[%emt 0:01:42]} Rxd2 {[%emt 0:01:15]} 35. Kxd2 {[%emt 0:00:03]} Bxg2 {[%emt 0:00:10]} 36. Nxh6 {[%emt 0:00:49]} Kd5 {[%emt 0:01:26]} 37. Nxf7 {[%emt 0:01:36]} Ke4 {[%emt 0:00:06]} 38. Ng5+ {[%emt 0:00:38]} Kxf4 {[%emt 0:03:07]} 39. Ne6+ {[%emt 0:00:07]} Ke5 {[%emt 0:00:09]} 40. Nxc5 {[%emt 0:00:00]} a5 {[%emt 0:00:25]} 41. Ke3 {[%emt 0:07:43]} Bd5 {[%emt 0:12:05]} 42. Nd3+ {[%emt 0:01:39]} Kd6 {[%emt 0:00:31]} 43. Kd4 {[%emt 0:00:20]} a4 {[%emt 0:12:46]} 44. bxa4 {[%emt 0:00:34]} bxa4 {[%emt 0:00:54]} 45. a3 {[%emt 0:00:18]} Bf7 {[%emt 0:00:23]} 46. Nc5 {[%emt 0:00:45]} Bb3 {[%emt 0:00:15]} 47. Nxb3 {[%emt 0:01:33] Kd5+ Ke4+} 1-0

[Event "36th Zalakaros Festival 2017"]
[Site "Zalakaros"]
[Date "2017.05.25"]
[Round "8"]
[White "Injac, Teodora"]
[Black "Jakab, Bela"]
[Result "1/2-1/2"]
[WhiteElo "2296"]
[BlackElo "2216"]
[Annotator "NA"]
[PlyCount "50"]
[EventDate "2017.??.??"]
[EventType "swiss"]
[EventCountry "HUN"]
[SourceTitle "playchess.com"]
[Source "ChessBase"]
[SourceQuality "1"]
[TimeControl "40/5400+30:1800+30"]

1. Nf3 {[%emt 0:00:12]} Nf6 {[%emt 0:00:13]} 2. c4 {[%emt 0:00:04]} e6 {[%emt 0:00:10]} 3. Nc3 {[%emt 0:00:08]} d5 {[%emt 0:00:42]} 4. d4 {[%emt 0:00:18]} Be7 {[%emt 0:00:21]} 5. cxd5 {[%emt 0:00:24]} exd5 {[%emt 0:00:11]} 6. Bg5 {[%emt 0:00:04]} c6 {[%emt 0:01:04]} 7. Qc2 {[%emt 0:01:10]} O-O {[%emt 0:01:45]} 8. e3 {[%emt 0:00:06]} h6 {[%emt 0:02:19]} 9. Bh4 {[%emt 0:04:02]} Ne4 {[%emt 0:06:04]} 10. Bxe7 {[%emt 0:00:15]} Qxe7 {[%emt 0:00:06]} 11. Bd3 {[%emt 0:00:20]} Re8 {[%emt 0:01:22]} 12. O-O {[%emt 0:00:21]} Bf5 {[%emt 0:03:42]} 13. Rab1 {[%emt 0:11:12]} Nd7 {[%emt 0:02:06]} 14. b4 {[%emt 0:00:57]} Nxc3 {[%emt 0:03:49]} 15. Qxc3 {[%emt 0:00:15]} Be4 {[%emt 0:00:07]} 16. Nd2 {[%emt 0:11:55]} Qg5 {[%emt 0:03:57]} 17. Bxe4 {[%emt 0:04:46]} dxe4 {[%emt 0:00:08]} 18. Nb3 {[%emt 0:03:29]} Re6 {[%emt 0:04:26]} 19. Nc5 {[%emt 0:05:17]} Rg6 {[%emt 0:03:10]} 20. g3 {[%emt 0:00:08]} Nf6 {[%emt 0:02:03]} 21. Nxb7 {[%emt 0:18:26]} Qg4 {[%emt 0:03:31]} 22. Qd2 {[%emt 0:08:40]} Nh7 {[%emt 0:01:38]} 23. Qd1 {[%emt 0:07:51]} Qh3 {[%emt 0:05:04]} 24. f4 {[%emt 0:02:01]} Rxg3+ {[%emt 0:00:24]} 25. hxg3 {[%emt 0:00:06]} Qxg3+ {[%emt 0:00:03]} 1/2-1/2

[Event "36th Zalakaros Festival 2017"]
[Site "Zalakaros"]
[Date "2017.05.25"]
[Round "8"]
[White "Chovan, Milan"]
[Black "Terbe, Julianna"]
[Result "1/2-1/2"]
[WhiteElo "2288"]
[BlackElo "2258"]
[Annotator "NA"]
[PlyCount "113"]
[EventDate "2017.??.??"]
[EventType "swiss"]
[EventCountry "HUN"]
[SourceTitle "playchess.com"]
[Source "ChessBase"]
[SourceQuality "1"]
[TimeControl "40/5400+30:1800+30"]

1. d4 {[%emt 0:00:05]} d5 {[%emt 0:00:44]} 2. c4 {[%emt 0:00:06]} c6 {[%emt 0:00:04]} 3. Nc3 {[%emt 0:00:08]} Nf6 {[%emt 0:00:14]} 4. e3 {[%emt 0:00:17]} g6 {[%emt 0:01:40]} 5. Nf3 {[%emt 0:01:13]} Bg7 {[%emt 0:00:20]} 6. Be2 {[%emt 0:01:24]} O-O {[%emt 0:00:09]} 7. O-O {[%emt 0:00:22]} Be6 {[%emt 0:00:48]} 8. cxd5 {[%emt 0:02:07]} cxd5 {[%emt 0:00:11]} 9. Qb3 {[%emt 0:00:18]} Qb6 {[%emt 0:00:07]} 10. Qxb6 {[%emt 0:22:12]} axb6 {[%emt 0:00:11]} 11. b3 {[%emt 0:00:07]} Nc6 {[%emt 0:10:53]} 12. Na4 {[%emt 0:01:02]} Nd7 {[%emt 0:03:13]} 13. h3 {[%emt 0:05:12]} h6 {[%emt 0:03:56]} 14. Bd2 {[%emt 0:01:33]} g5 {[%emt 0:18:27]} 15. Bb5 {[%emt 0:05:11]} Bf5 {[%emt 0:05:55]} 16. Rac1 {[%emt 0:02:04]} Rfc8 {[%emt 0:02:39]} 17. Bc3 {[%emt 0:04:46]} f6 {[%emt 0:03:12]} 18. Nd2 {[%emt 0:03:38]} e6 {[%emt 0:07:28]} 19. f3 {[%emt 0:01:13]} Bg6 {[%emt 0:05:50]} 20. e4 {[%emt 0:04:09]} f5 {[%emt 0:01:13]} 21. e5 {[%emt 0:00:08]} Bf8 {[%emt 0:04:01]} 22. Nb1 {[%emt 0:04:14]} Rc7 {[%emt 0:04:04]} 23. a3 {[%emt 0:03:32]} f4 {[%emt 0:00:12]} 24. b4 {[%emt 0:01:09]} Rac8 {[%emt 0:01:06]} 25. Nd2 {[%emt 0:01:52]} Be8 {[%emt 0:04:11]} 26. Nb3 {[%emt 0:00:55]} Ncb8 {[%emt 0:13:08]} 27. Bb2 {[%emt 0:02:19]} Rxc1 {[%emt 0:04:33]} 28. Rxc1 {[%emt 0:00:09]} Rxc1+ {[%emt 0:00:03]} 29. Bxc1 {[%emt 0:00:14]} Bg6 {[%emt 0:01:09]} 30. h4 {[%emt 0:02:24]} Be7 {[%emt 0:01:41]} 31. hxg5 {[%emt 0:02:54]} hxg5 {[%emt 0:00:01]} 32. g3 {[%emt 0:02:05]} fxg3 {[%emt 0:00:06]} 33. Kg2 {[%emt 0:01:40]} Nc6 {[%emt 0:01:13]} 34. Be3 {[%emt 0:00:11]} Kf7 {[%emt 0:00:57]} 35. Kxg3 {[%emt 0:00:24]} Bf5 {[%emt 0:00:47]} 36. Nc1 {[%emt 0:04:54]} Bd8 {[%emt 0:00:51]} 37. Ne2 {[%emt 0:06:35]} Nf8 {[%emt 0:01:14]} 38. Kf2 {[%emt 0:00:53]} Ng6 {[%emt 0:02:09]} 39. Nac3 {[%emt 0:02:23]} Nh4 {[%emt 0:00:40]} 40. Ng3 {[%emt 0:00:00]} Bg6 {[%emt 0:00:31]} 41. Be2 {[%emt 0:02:24]} Na7 {[%emt 0:06:47]} 42. Bf1 {[%emt 0:11:42]} Nf5 {[%emt 0:01:14]} 43. Nxf5 {[%emt 0:00:08]} Bxf5 {[%emt 0:00:09]} 44. Be2 {[%emt 0:00:38]} Be7 {[%emt 0:04:53]} 45. Kg3 {[%emt 0:00:21]} Kg6 {[%emt 0:02:52]} 46. Nb5 {[%emt 0:02:19]} Nc8 {[%emt 0:01:12]} 47. Bf1 {[%emt 0:01:44]} Kf7 {[%emt 0:03:50]} 48. Bh3 {[%emt 0:01:42]} Kg6 {[%emt 0:00:43]} 49. Bg4 {[%emt 0:01:13]} Bd8 {[%emt 0:02:13]} 50. Bf2 {[%emt 0:03:27]} Kf7 {[%emt 0:02:28]} 51. Bh5+ {[%emt 0:01:05]} Ke7 {[%emt 0:01:39]} 52. Be3 {[%emt 0:02:41]} Kd7 {[%emt 0:00:08]} 53. Nc3 {[%emt 0:01:13]} Na7 {[%emt 0:02:52]} 54. Bg4 {[%emt 0:04:49]} Kc6 {[%emt 0:02:41]} 55. Bh5 {[%emt 0:00:02]} Kd7 {[%emt 0:00:10]} 56. Bg4 {[%emt 0:01:48]} Kc6 {[%emt 0:00:01]} 57. Bh5 {[%emt 0:01:09]} 1/2-1/2